[Event "San Jose Metropolitano op"]
[Site "San Jose"]
[Date "2019.12.27"]
[Round "3"]
[White "Duran Vega, Sergio"]
[Black "Solis L, Efren A"]
[Result "1-0"]
[WhiteElo "2372"]
[BlackElo "1948"]
[PlyCount "121"]
[EventDate "2019.12.26"]
[EventType "swiss"]
[EventRounds "9"]
[EventCountry "CRI"]
[SourceTitle "EXT 2021"]
[Source "ChessBase"]
[SourceDate "2020.10.23"]
[SourceVersion "1"]
[SourceVersionDate "2020.10.23"]
[SourceQuality "1"]

1. d4 g6 2. c4 Bg7 3. Nf3 d6 4. Nc3 Nd7 5. e4 e6 6. Be3 Ne7 7. Qd2 h6 8. 0-0-0 a6 9. h4 Nf6 10. Nh2 c6 11. f4 d5 12. e5 Nh5 13. Qf2 Bf8 14. c5 b5 15. cxb6 Qxb6 16. Na4 Qb4 17. b3 Nf5 18. g4 Nxe3 19. Qxe3 Ng7 20. Bd3 h5 21. g5 Rb8 22. Rd2 Qa5 23. Kd1 Bb4 24. Rc2 Bd7 25. Nf3 Ke7 26. Rhh2 Rhc8 27. Nc5 Bxc5 28. Rxc5 Rb5 29. Bxb5 axb5 30. Qd2 Qa3 31. Qb2 Qa6 32. Qd2 Qa3 33. Ke1 Nf5 34. Kf2 Ra8 35. Rc2 Ke8 36. Rh1 Qa6 37. Qb4 Rc8 38. a3 Ra8 39. Ra1 Rc8 40. Rc3 Ra8 41. Kg2 Rc8 42. Kh3 Ra8 43. Ne1 Rc8 44. Nd3 Ra8 45. Nc5 Qa5 46. Qxa5 Rxa5 47. Nb7 Ra7 48. Nd6+ Nxd6 49. exd6 e5+ 50. Kg3 e4 51. a4 b4 52. Rc5 Ra6 53. a5 Bg4 54. Kf2 Kd7 55. Ra4 Kxd6 56. Ke3 Bd7 57. Rxb4 Ra8 58. Rb7 f6 59. gxf6 Rf8 60. a6 Rxf6 61. a7 1-0

[Event "Pan American-ch Amateur U2000"]
[Site "San Jose"]
[Date "2019.10.23"]
[Round "1.3"]
[White "Murillo Arguedas, Jaime"]
[Black "Solis L, Efren A"]
[Result "0-1"]
[WhiteElo "1761"]
[BlackElo "1967"]
[PlyCount "78"]
[EventDate "2019.10.23"]
[EventType "swiss"]
[EventRounds "9"]
[EventCountry "CRI"]
[SourceTitle "EXT 2024"]
[Source "ChessBase"]
[SourceDate "2023.10.10"]
[SourceVersion "1"]
[SourceVersionDate "2023.10.10"]
[SourceQuality "1"]

1. Nf3 g6 2. c4 Bg7 3. g3 b6 4. Bg2 Bb7 5. 0-0 Nf6 6. Nc3 0-0 7. d3 d6 8. Rb1 Nbd7 9. b4 a5 10. a3 Ng4 11. Bd2 axb4 12. axb4 Rb8 13. h3 Nge5 14. Nxe5 Nxe5 15. Bxb7 Rxb7 16. Qc2 e6 17. Nb5 Qd7 18. Kh2 f6 19. f4 Nf7 20. e4 f5 21. Bc3 e5 22. exf5 gxf5 23. Bd2 c6 24. Nc3 d5 25. fxe5 Nxe5 26. cxd5 cxd5 27. Ne2 Ng6 28. Rbc1 Qd6 29. Qb3 Kh8 30. Nf4 Rd7 31. b5 Nxf4 32. Bxf4 Be5 33. Rc6 Qb8 34. Bxe5+ Qxe5 35. Qc3 d4 36. Qb4 Rg8 37. Rg1 f4 38. Qe1 fxg3+ 39. Kh1 g2+ 0-1

[Event "CRI-ch Phase 1.1"]
[Site "San Jose"]
[Date "2009.02.08"]
[Round "6"]
[White "Solis L, Efren A"]
[Black "Castro Madrigal, Randall"]
[Result "1-0"]
[WhiteElo "2128"]
[BlackElo "2135"]
[PlyCount "103"]
[EventDate "2009.01.31"]
[EventType "swiss"]
[EventRounds "9"]
[EventCountry "CRI"]
[SourceTitle "EXT 2024"]
[Source "ChessBase"]
[SourceDate "2023.10.10"]
[SourceVersion "1"]
[SourceVersionDate "2023.10.10"]
[SourceQuality "1"]

1. e4 c5 2. f4 Nc6 3. Nf3 g6 4. d3 Bg7 5. c3 d6 6. h3 e5 7. g4 h5 8. g5 Nge7 9. Bg2 Be6 10. 0-0 Qd7 11. Kh2 d5 12. Be3 d4 13. cxd4 cxd4 14. Bd2 exf4 15. Bxf4 0-0 16. a3 a5 17. b3 a4 18. b4 Na7 19. Nbd2 Nb5 20. Nc4 Nc3 21. Qd2 Ra6 22. Nce5 Qd8 23. Nh4 Kh7 24. Rf2 Nc6 25. Nef3 Qe7 26. Ne1 Rc8 27. Nhf3 Bb3 28. h4 Nd8 29. Bh3 Ne6 30. Bg3 Nb5 31. Ne5 Rf8 32. N1f3 Raa8 33. Qe2 Rac8 34. Qb2 Rc3 35. Raf1 Kg8 36. Ne1 Nxg5 37. Nd7 Nxh3 38. Nf6+ Bxf6 39. Rxf6 Be6 40. Qd2 Kh7 41. Kh1 Rxa3 42. Nf3 Ra2 43. Ng5+ Nxg5 44. Qxg5 Nd6 45. Bf4 Nf5 46. Be5 Nh6 47. Rg1 Bg4 48. Rgf1 Ng8 49. Bd6 Qd7 50. Bxf8 Be6 51. Qe5 Nh6 52. Rxf7+ 1-0

[Event "CRI-ch Phase 1.1"]
[Site "San Jose"]
[Date "2009.02.02"]
[Round "2"]
[White "Solis L, Efren A"]
[Black "Fernandez Sanchez, Mario Andres"]
[Result "0-1"]
[WhiteElo "2128"]
[BlackElo "1973"]
[PlyCount "84"]
[EventDate "2009.01.31"]
[EventType "swiss"]
[EventRounds "9"]
[EventCountry "CRI"]
[SourceTitle "EXT 2024"]
[Source "ChessBase"]
[SourceDate "2023.10.10"]
[SourceVersion "1"]
[SourceVersionDate "2023.10.10"]
[SourceQuality "1"]

1. e4 c5 2. d3 Nc6 3. c3 g6 4. f4 d5 5. e5 h5 6. h3 Nh6 7. g3 Nf5 8. Kf2 d4 9. Bg2 Qc7 10. Nf3 Bg7 11. a3 dxc3 12. bxc3 Be6 13. Ng5 Qd7 14. Nxe6 Qxe6 15. Be4 h4 16. g4 Ng3 17. Re1 Nxe4+ 18. Rxe4 Rd8 19. Qc2 Qd5 20. Ke2 0-0 21. Nd2 f6 22. exf6 exf6 23. Qa2 f5 24. gxf5 gxf5 25. Re3 Bxc3 26. Qxd5+ Rxd5 27. Rb1 b6 28. Nf3 Nd4+ 29. Nxd4 Bxd4 30. Re7 Rf7 31. Re8+ Kg7 32. Be3 Bxe3 33. Rxe3 Kf6 34. Rg1 Rd4 35. Kf3 Rfd7 36. Rg5 Rxd3 37. Rh5 Rxe3+ 38. Kxe3 Kg6 39. Rxh4 Rd8 40. Kf3 c4 41. Rg4+ fxg4+ 42. hxg4 c3 0-1